Investigación educativa. Una introducción conceptual

Uloženo v:
Podrobná bibliografie
Hlavní autoři: McMillan, James H. (autor), Schumacher, Sally (Autor)
Médium: Kniha
Jazyk:španělština
Vydáno: Madrid, España. Pearson Educación, 2005
Vydání:5a. edición
Témata:
Tagy: Přidat tag
Žádné tagy, Buďte první, kdo vytvoří štítek k tomuto záznamu!

MARC

LEADER 00000cam a2200000 a 4500
001 UCI3586
003 CL-VaPUC
005 20231006144337.0
008 071116e20050000SP |||||||||||||||||spa|d
999 |c 327730  |d 327728 
020 |a 842054163X 
040 |c Pontificia Universidad Católica de Valparaíso 
082 0 4 |a 370.7 MCM 2005  |2 21 
100 |a McMillan, James H.  |e autor  |9 524977 
245 1 0 |a Investigación educativa.  |b Una introducción conceptual 
250 |a 5a. edición  
260 |a Madrid, España.  |b Pearson Educación,   |c 2005 
300 |a 656 páginas  
583 |a last modification  |c 20181018 02:00:30  |k Rodrigo Vera 
650 0 |a Investigación educacional   |9 261192 
650 0 |a Proyectos de investigación   |2 CL-VaPUC  |9 259727 
650 0 |a Investigación científica  |9 259857 
650 0 |a Métodos de investigación   |9 262618 
650 0 |a Ciencias sociales  |v Investigación  |9 307767 
700 0 |a Schumacher, Sally  |e author  |9 524978 
942 |c BK  |2 ddc 
945 |d 20071116 00:00:00  |a jtorresc 
952 |0 0  |1 0  |3 erb  |4 0  |6 370_700000000000000_MCM_2005  |7 0  |8 A  |9 411100  |a BIBMAT  |b BIBMAT  |c E_DIDACT  |i 5248876  |o 370.7 MCM 2005  |p 5248876  |r 2025-01-07  |w 2019-11-22  |y BK  |z Catalogado en:20151112  |k MAT 
952 |0 0  |1 0  |4 0  |6 370_700000000000000_MCM_2005  |7 0  |8 A  |9 411101  |a BIBEDU  |b BIBEDU  |c ES_NOD  |d 2019-11-22  |i 4230167  |l 3  |m 1  |o 370.7 MCM 2005  |p 4230167  |r 2023-11-03  |s 2023-11-03  |w 2019-11-22  |y BK  |k EBA 
952 |0 0  |1 0  |4 0  |6 370_700000000000000_MCM_2005  |7 0  |8 A  |9 411102  |a BIBEDU  |b BIBEDU  |c ES_NOD  |d 2019-11-22  |i 4459407  |l 3  |o 370.7 MCM 2005  |p 4459407  |r 2025-05-05  |s 2025-04-21  |w 2019-11-22  |y BK  |k EBA 
952 |0 0  |1 0  |2 ddc  |4 0  |6 370_700000000000000_MCM_2005  |7 0  |8 A  |9 579037  |a BIBHIS  |b BIBHIS  |d 2021-10-26  |e 52  |g 50006.01  |i 5589495  |l 2  |m 2  |o 370.7 MCM 2005  |p 5589495  |r 2025-01-20  |s 2024-01-17  |t 6  |v 50006.01  |w 2021-10-26  |y BK  |k HIS